Statistics for Bahrain International Airport Destinations (Muharraq, Bahrain)

Click here to take the quiz!

General Stats

  • This quiz has been taken 31 times
  • The average score is 49 of 74

Answer Stats

AirlineDestination% Correct
Air India/Gulf AirDelhi
100%
Gulf Air/LufthansaFrankfurt
100%
Gulf Air/Turkish AirlinesIstanbul
100%
AnadoluJet/Pegasus Airlines/Southwind AirlinesIstanbul (Sabiha Gokcen)
100%
Gulf AirKarachi
100%
Gulf Air/Pakistan International AirlinesLahore
100%
Gulf Air/IndiGoMumbai
100%
Gulf Air/Oman Air/SalamAirMuscat
100%
Gulf Air/Royal JordanianAmman (Queen Alia)
95%
KLMAmsterdam
95%
Azerbaijan Airlines/Gulf AirBaku
95%
Air Arabia/Egyptair/Gulf AirCairo
95%
Gulf Air/Qatar AirwaysDoha
95%
Emirates/Gulf AirDubai (International)
95%
British Airways/Gulf AirLondon (Heathrow)
95%
Gulf Air/Lufthansa/SaudiaRiyadh
95%
Gulf AirRome (Fiumicino)
95%
Gulf AirAthens
90%
Gulf Air/SaudiaJeddah
90%
Gulf Air/Jazeera Airways/KLM/Kuwait AirwaysKuwait City
90%
Gulf AirMedina
90%
Gulf AirMilan (Malpensa)
90%
Gulf AirMoscow (Domodedovo)
90%
Gulf AirTel Aviv
90%
Air Arabia/Gulf Air/Wizz AirAbu Dhabi
86%
Gulf AirBaghdad
86%
Gulf AirBeirut
86%
Gulf AirColombo (Bandaranaike)
86%
Gulf AirIslamabad
86%
Gulf AirParis (Charles de Gaulle)
86%
Gulf AirAlexandria
81%
Gulf AirBangalore
81%
Gulf AirBangkok (Suvarnabhumi)
81%
Gulf AirChennai
81%
Gulf AirDhaka
81%
Pegasus Airlines/Southwind AirlinesAntalya
76%
Gulf AirDammam
76%
Gulf AirHyderabad
76%
Gulf AirManila
76%
Gulf AirSingapore
76%
Gulf AirAddis Ababa
71%
Air Arabia/Gulf AirSharjah
67%
Gulf AirTbilisi
67%
Gulf AirKhartoum
62%
Gulf AirMale
62%
Gulf AirSharm El Sheikh
62%
Gulf AirBodrum
57%
Gulf AirCasablanca
57%
Air India Express/Gulf Air/IndiGoKochi
52%
Gulf AirPeshawar
52%
Gulf AirErbil
48%
Gulf Air/SalamAirSalalah
48%
Gulf AirFaisalabad
38%
Gulf AirGoa (Dabolim)
38%
Gulf AirLarnaca
38%
Gulf AirManchester
38%
Gulf AirNajaf
38%
Air India Express/Gulf AirThiruvananthapuram
38%
Gulf Air/Southwind Airlines/Turkish AirlinesTrabzon
38%
Air India Express/Gulf AirKozhikode
33%
Gulf AirMalaga
33%
Air India ExpressMangalore
33%
Gulf AirSialkot
33%
Gulf AirMultan
29%
Gulf AirMykonos
29%
Gulf AirNice
29%
Gulf AirSantorini
29%
Gulf AirRas Al Khaimah
24%
SmartwingsBratislava
19%
Air India ExpressKannur
19%
Gulf AirTirana
19%
Southwind AirlinesBursa
14%
Gulf AirGassim
14%
Gulf AirSarajevo
14%

Score Distribution

Percentile by Number Answered

Percent of People with Each Score

Your Score History

You have not taken this quiz